000 00362nam a2200157Ia 4500
008 230711s9999||||xx |||||||||||||| ||und||
041 _aENG
082 _a720
_bUJ-C
100 _aUje Lee Editor
245 0 _aCommercial space
250 _a1st Ed.
260 _c2008
_aNew Delhi
_bC 3 Publications Co.
300 _a279
650 _aArchitecture
942 _cBK
999 _c5057
_d5057